Η πορεία της Τουρκίας στην Ευρωπαϊκή Ένωση : το ζήτημα των ανθρωπίνων δικαιωμάτων : διπλωματική εργασία [πτυχιακή εργασία]

Αποθηκεύτηκε σε:
Λεπτομέρειες βιβλιογραφικής εγγραφής
Κύριος συγγραφέας: Μίστελη, Πολύμνια
Συγγραφή απο Οργανισμό/Αρχή: Πανεπιστήμιο Αιγαίου Σχολή Ανθρωπιστικών Επιστημών Τμήμα Μεσογειακών Σπουδών
Άλλοι συγγραφείς: Τσάκωνας, Παναγιώτης Ι. (Εισηγητής διατριβής)
Μορφή: Thesis Βιβλίο
Γλώσσα:Greek
Δημοσίευση: 2011
Θέματα:
Διαθέσιμο Online:http://hdl.handle.net/11610/8272
Ετικέτες: Προσθήκη ετικέτας
Δεν υπάρχουν, Καταχωρήστε ετικέτα πρώτοι!

MARC

LEADER 00000cam a2200000 i 4500
001 1/23393
008 121017s2011 gre d
035 |l 10113235 
040 |a GR-MY-UA  |b gre  |e aacr 
041 0 |a gre 
082 0 |a 341.2422  |2 (22) 
100 1 |a Μίστελη, Πολύμνια. 
245 1 2 |a Η πορεία της Τουρκίας στην Ευρωπαϊκή Ένωση :  |b το ζήτημα των ανθρωπίνων δικαιωμάτων : διπλωματική εργασία [πτυχιακή εργασία] /  |c Μίστελη Πολύμνια ; επιβλέπων: Παναγιώτης Τσάκωνας 
260 |c 2011 
300 |a 60 σ.;  |c 30 εκ. 
500 |a Μέλη εξεταστικής επιτροπής: Κεφαλά Παρασκευή, Μανώλη Παναγιώτα 
502 |a Πτυχιακή εργασία – Πανεπιστήμιο Αιγαίου, Ρόδος, 2011. 
504 |a Βιβλιογραφία: σ. 57-60 
650 0 0 |a Human rights  |z Turkey. 
650 0 0 |a Dissertations, Academic  |z Greece. 
651 0 |a Turkey  |x Foreign relations  |z European Union countries. 
651 0 |a European Union countries  |x Foreign relations  |z Turkey. 
700 1 |4 ths  |a Τσάκωνας, Παναγιώτης Ι. 
710 2 |a Πανεπιστήμιο Αιγαίου  |b Σχολή Ανθρωπιστικών Επιστημών  |b Τμήμα Μεσογειακών Σπουδών. 
852 |a INST  |b RHODES  |c DIATR  |e 20121017  |h 341.2422 ΜΙΣ  |p 005400034581  |q 005400034581  |t DIE  |y 23 
852 |a INST  |b RHODES  |c DIATR  |e 20121017  |h 341.2422 ΜΙΣ  |p 005400034582  |q 005400034582  |t DIE  |y 23 
856 |u http://hdl.handle.net/11610/8272 
901 |a BIBL4-2012-3 
909 |a Ρ  |b 171209 
909 |a Ρ  |b 171210 
924 |a ΜΙΣΤΕΛΗ  |b ΠΟΛΥΜΝΙΑ  |y ΡΟΔΟΣ  |z 2011 
970 |z 2012/10/17